Tilastot visalle Top 5 olympiamitalimaat maanosittain

Klikkaa tästä pelataksesi tätä visaa!

Yleistilastot

  • Tätä visaa on pelattu 70 kertaa
  • Keskiarvotulos 25 / 30

Vastaustilastot

maanosamitaleitavaltio% Oikein
Eurooppa922Saksa / Länsi-Saksa
100%
Oseania566Australia
98%
Etelä-Amerikka150Brasilia
98%
Eurooppa759Italia
98%
Pohjois-Amerikka551Kanada
98%
Eurooppa889Ranska
98%
Eurooppa950Yhdistynyt kuningaskunta
98%
Pohjois-Amerikka2959Yhdysvallat
98%
Etelä-Amerikka77Argentiina
97%
Aasia713Kiina
97%
Oseania143Uusi-Seelanti
97%
Aasia573Japani
95%
Pohjois-Amerikka72Meksiko
95%
Afrikka89Etelä-Afrikka
90%
Etelä-Amerikka34Kolumbia
90%
Etelä-Amerikka13Chile
88%
Pohjois-Amerikka88Jamaika
87%
Pohjois-Amerikka235Kuuba
87%
Aasia366Etelä-Korea
85%
Afrikka113Kenia
83%
Eurooppa1204Neuvostoliitto / Yhdistynyt joukkue
83%
Afrikka58Etiopia
78%
Afrikka38Egypti
75%
Etelä-Amerikka19Venezuela
73%
Aasia103Turkki
67%
Afrikka27Nigeria
65%
Oseania3Fidži
62%
Aasia79Kazakstan
50%
Oseania1Samoa
50%
Oseania1Tonga
48%

Tulosjakauma

Persentiili vastausten määrän mukaan

Jokaisen tuloksen saaneiden osuus

Tuloshistoriasi

Et ole pelannut tätä visaa